{"text_format":"3","workbook":"xlsx","n_sheets":6,"sheets":["评估明细表","计算过程","计算过程 (2)","评估明细表 (2)","Sheet1","有计算式"],"not_rendered":{"defined_names":10},"read":"whole","date_system":"1900"}

{"sheet":"评估明细表","index":0,"n_rows":134,"n_cols":9,"rows_kept":134,"merged":[[0,1,0,8],[2,0,79,0],[2,7,79,7],[79,1,79,2],[80,0,98,0],[80,7,98,7],[98,1,98,2],[99,0,132,0],[99,7,132,7],[132,1,132,2],[133,0,135,8]]}
[null,"交易明细表"]
["标段","序号","名称","规格型号","生产厂家","计量单位","数量","底价","备注"]
["标的1",1,"中华人民共和国旗帜邮王","邮票",null,"套",{"$f":"6+6+5","v":17},{"v":230300,"d":"230,300.00"}]
[null,2,"共产党成立95周年建党红邮","邮票",null,"套",{"$f":"5+11+10+3+5","v":34}]
[null,3,"奇珍邮宝","邮票",null,"套",5]
[null,4,"大国外交","邮票",null,"套",{"$f":"5+5+5+1+4+11+10+5+1+2+2+1","v":52}]
[null,5,"红色绝版珍邮","邮票",null,"套",{"$f":"1+1+1+1","v":4}]
[null,6,"大清龙邮","邮票",null,"套",{"$f":"1","v":1}]
[null,7,"墨润千秋","邮票",null,"套",{"$f":"3+6+12+3+1","v":25}]
[null,8,"错版邮王2016","邮票",null,"套",1]
[null,9,"历代文物通宝全鉴","邮票",null,"套",1]
[null,10,"共和国最佳邮票典藏大全","邮票",null,"套",{"$f":"1+2+1+2+2+2+2+2+2+2+1+4+3+2+1+3","v":32}]
[null,11,"中邮120最佳邮王1896-2016","邮票",null,"套",1]
[null,12,"国邮双连","邮票",null,"套",1]
[null,13,"中华人民共和国第三套评级币珍藏册","邮票",null,"套",1]
[null,14,"美丽中国山水集邮","邮票",null,"套",2]
[null,15,"贺岁宝典","邮票",null,"套",{"$f":"5+5+5+5+2+2+1","v":25}]
[null,16,"中国文明珍邮","邮票",null,"套",2]
[null,17,"走向复兴献礼中华人民共和国成立70周年华诞","邮票",null,"套",4]
[null,18,"2016至尊猴大版丙申猴年贺岁珍邮","邮票",null,"套",6]
[null,19,"丁酉吉祥","邮票",null,"套",11]
[null,20,"中国首套评级珍藏","邮票",null,"套",3]
[null,21,"建军珍邮","邮票",null,"套",{"$f":"3+3+4+1+1+3+3+4+2+6+3+1+2+1+4+1+4+3+2+1+1","v":53}]
[null,22,"金鸡贺岁邮钞瑰宝","5克金纪念钞及5克银纪念钞",null,"套",8]
[null,23,"江山如画","邮票",null,"套",1]
[null,24,"第三套人民币珍藏册","人民币",null,"套",1]
[null,25,"百年邮王","邮票",null,"套",6]
[null,26,"山水如画","邮票",null,"套",4]
[null,27,"一代伟人毛泽东125周年纪念","邮票",null,"套",4]
[null,28,"红色珍藏","邮票",null,"套",3]
[null,29,"一带一路纪念册","硬币+邮票",null,"套",{"$f":"1+6+20+1+28+13+1+1+1+1+1+5","v":79}]
[null,30,"四大名著","邮票",null,"套",{"$f":"3+6+8+4","v":21}]
[null,31,"绝版连体珍邮","邮票",null,"套",{"$f":"4+1+1","v":6}]
[null,32,"金猪纳福","邮票",null,"套",{"$f":"10+5+5+5","v":25}]
[null,33,"中邮历代传世明书","邮票",null,"套",{"$f":"4+3+3+3+1","v":14}]
[null,34,"红色军邮大国脊梁","邮票",null,"套",{"$f":"12+1+1+1+3+3+1+2+1+1+1+3+6","v":36}]
[null,35,"独领风骚毛泽东诗词书法邮票","邮票",null,"套",{"$f":"1","v":1}]
[null,36,"文化中国走向世界","邮票",null,"套",{"$f":"2+1+1","v":4}]
[null,37,"上合峰会珍邮大典","邮票",null,"套",{"$f":"10+50","v":60}]
[null,38,"凝聚领航纪念中国人民解放军成立70周年","纪念币+邮票",null,"套",{"$f":"16+1","v":17}]
[null,39,"领航中国","邮票",null,"套",{"$f":"2","v":2}]
[null,40,"中国集邮2017定制版","邮票",null,"套",18]
[null,41,"传世珍邮四方联大版票","邮票",null,"套",{"$f":"6+6+3+2","v":17}]
[null,42,"中华之美版票珍邮","邮票",null,"套",5]
[null,43,"第四套人民币同号钞珍藏册","人民币",null,"套",{"$f":"4+7","v":11}]
[null,44,"青山水云间","邮票",null,"套",{"$f":"5+11+4","v":20}]
[null,45,"水墨丹青","邮票",null,"套",{"$f":"5+1","v":6}]
[null,46,"十喜临门","邮票",null,"套",{"$f":"1+1","v":2}]
[null,47,"丝路雄风","邮票",null,"套",1]
[null,48,"第31届夏季奥林匹克运动会金镶玉纪念币","金镶玉纪念币",null,"套",1]
[null,49,"辉煌历程改革开放40周年","邮票",null,"套",{"$f":"1+1","v":2}]
[null,50,"中国十大书法艺术大师","邮票",null,"套",{"$f":"3+3+3+3","v":12}]
[null,51,"国父孙中山诞辰150周年","纪念币+邮票",null,"套",1]
[null,52,"大国荣耀","邮票",null,"套",1]
[null,53,"2016年二十国集团杭州峰会纪念","100克银币+邮票",null,"套",2]
[null,54,"里约2016年奥运会纪念币","纪念币",null,"套",3]
[null,55,"黄河邮票卷轴","邮票",null,"套",5]
[null,56,"瑞猪添福乙亥年邮票珍藏","2克金+邮票",null,"套",6]
[null,57,"纯洁冰雪梦想启程北京2022年冬奥会会徽和冬残奥会会徽","邮票",null,"套",4]
[null,58,"2018年俄罗斯FIFA世界杯官方邮票金纪念大全","1克金",null,"套",1]
[null,59,"国宝名书绝版大版票","邮票",null,"套",1]
[null,60,"中国版图珍邮大版票","邮票",null,"套",3]
[null,61,"传世龙头邮王","6克银、石英质玉挂件",null,"套",2]
[null,62,"鸿运当头银挂画","30克银",null,"套",2]
[null,63,"抗战功勋","邮票",null,"套",1]
[null,64,"评级大典中国首套评级珍藏册","邮票",null,"套",2]
[null,65,"故宫国宝邮王90周年","邮票",null,"套",2]
[null,66,"香港回归大版珍邮","邮票",null,"套",{"$f":"15+7","v":22}]
[null,67,"中国邮票","2克金",null,"套",14]
[null,68,"千里江山图","60克银",null,"套",1]
[null,69,"民国钞王","10克银",null,"套",1]
[null,70,"传世典藏","银元8枚",null,"套",1]
[null,71,"锦绣中华第四套人民币大全","人民币",null,"套",1]
[null,72,"天长地久钞币典藏册","纪念钞",null,"套",1]
[null,73,"精品五十七国硬币","硬币",null,"套",1]
[null,74,"猴年贺岁纪念币","5个纪念币",null,"套",4]
[null,75,"奇珍邮宝","邮票",null,"套",1]
[null,76,"戊戌大吉（狗）","邮票",null,"套",5]
[null,77,"传世文物珍邮","邮票",null,"套",1]
[null,"小计",{"$nulls":4},{"$f":"SUM(G3:G79)","v":757}]
["标的2","1","铁皮文件柜","185cm*85cm*40cm",null,"个",6,{"v":13900,"d":"13,900.00"}]
[null,"2","长条沙发","皮革160cm*55cm",null,"个",3]
[null,"3","单人沙发","皮革70cm*80cm",null,"个",2]
[null,"4","打印机","爱普生K200",null,"台",1]
[null,"5","打印机","爱普生L363",null,"台",1]
[null,"6","立式空调","美的KFR-120LW",null,"台",2]
[null,"7","立式空调","美的KFR-72LW",null,"台",2]
[null,"8","挂式空调","美的KFR-35LW",null,"台",5]
[null,"9","组装电脑","组装",null,"台",10]
[null,"10","键盘",null,null,"个",8]
[null,"11","聚财摆件","高155cm,宽50cm",null,"个",1]
[null,"12","验钞机",null,null,"台",1]
[null,"13","电话座机",null,null,"台",1]
[null,"14","监控交换机","海康威视",null,"台",1]
[null,"15","叫号机",null,null,"台",1]
[null,"16","路由器",null,null,"台",2]
[null,"17","笔记本电脑","联想ThinkpadE470C",null,"台",1]
[null,"18","投影仪","爱普生CB-S04",null,"台",1]
[null,"小计",{"$nulls":4},{"$f":"SUM(G81:G98)","v":49}]
["标的3",1,"长木桌","实木",null,"张",4,{"v":14600,"d":"14,600.00"}]
[null,2,"凳子","长2米，宽0.4米",null,"个",8]
[null,3,"立式空调","美的KFR-72LW",null,"台",5]
[null,4,"黑皮沙发一套","1长2小",null,"套",1]
[null,5,"电视墙一套","6个电视及架子",null,"套",6]
[null,6,"摄像头",null,null,"套",4]
[null,7,"果盘","塑料",null,"个",3]
[null,8,"POS机",null,null,"个",25]
[null,9,"H3c路由器",null,null,"个",1]
[null,10,"小办公桌",null,null,"张",4]
[null,11,"净水机","挂墙式",null,"台",1]
[null,12,"电话",null,null,"个",1]
[null,13,"扫把","塑料",null,"个",1]
[null,14,"杯子",null,null,"个",1]
[null,15,"垃圾桶",null,null,"个",4]
[null,16,"鸡蛋筐","塑料，长55cm,宽35cm",null,"个",8]
[null,17,"折叠椅",null,null,"个",31]
[null,18,"会议桌","木质",null,"张",1]
[null,19,"会议凳子",null,null,"个",12]
[null,20,"办公桌",null,null,"张",5]
[null,21,"书柜",null,null,"个",1]
[null,22,"办公桌",null,null,"张",1]
[null,23,"机柜",null,null,"个",1]
[null,24,"设备","2主机1交换器1录像机",null,"套",1]
[null,25,"显示器",null,null,"个",1]
[null,26,"水壶",null,null,"个",4]
[null,27,"热水壶",null,null,"个",1]
[null,28,"茶桌",null,null,"张",1]
[null,29,"长沙发",null,null,"个",1]
[null,30,"办公椅",null,null,"个",1]
[null,31,"显示器",null,null,"个",1]
[null,32,"爱心箱",null,null,"个",7]
[null,33,"装饰字画",null,null,"幅",3,null,"报废一幅"]
[null,"小计",{"$nulls":4},{"$f":"SUM(G100:G132)","v":150}]
["仅供参考，最终以现场实物现状为准。"]

{"sheet":"计算过程","index":1,"n_rows":61,"n_cols":11,"rows_kept":61,"hidden":true,"merged":[[2,0,2,9],[3,0,3,9],[4,8,4,9],[57,0,57,4]]}
[]
[]
["设备评估计算明细表"]
["评估基准日：2025年9月8日"]
[{"$nulls":8},"金额单位:人民币元"]
["序号","名称","规格型号","生产厂家","计量单位","数量","单价","评估原值","成新率%","评估净值"]
[1,"铁皮文件柜","185cm*85cm*40cm",null,"个","6",{"v":355,"d":"355.00"},{"$f":"G7*F7","v":{"v":2130,"d":"2,130.00"}},{"v":30,"d":"30.00"},{"$f":"ROUND(H7*I7/100,0)","v":{"v":639,"d":"639.00"}}]
[2,"长条沙发","皮革160cm*55cm",null,"个","3",{"v":699,"d":"699.00"},{"$f":"G8*F8","v":{"v":2097,"d":"2,097.00"}},{"v":30,"d":"30.00"},{"$f":"ROUND(H8*I8/100,0)","v":{"v":629,"d":"629.00"}}]
[3,"单人沙发","皮革70cm*80cm",null,"个","2",{"v":471,"d":"471.00"},{"v":942,"d":"942.00"},{"v":30,"d":"30.00"},{"v":283,"d":"283.00"}]
[4,"打印机","爱普生K200",null,"台","1",{"v":1780,"d":"1,780.00"},{"v":1780,"d":"1,780.00"},{"v":10,"d":"10.00"},{"v":178,"d":"178.00"},"2011-09-01"]
[5,"打印机","爱普生L363",null,"台","1",{"v":999,"d":"999.00"},{"v":999,"d":"999.00"},{"v":10,"d":"10.00"},{"v":100,"d":"100.00"},"2016-06-01"]
[6,"立式空调","美的KFR-120LW",null,"台","2",{"v":8999,"d":"8,999.00"},{"v":17998,"d":"17,998.00"},{"v":20,"d":"20.00"},{"v":3600,"d":"3,600.00"},"2017-12-01"]
[7,"立式空调","美的KFR-72LW",null,"台","2",{"v":4999,"d":"4,999.00"},{"v":9998,"d":"9,998.00"},{"v":20,"d":"20.00"},{"v":2000,"d":"2,000.00"},"2017-12-02"]
[8,"挂式空调","美的KFR-35LW",null,"台","5",{"v":2299,"d":"2,299.00"},{"v":11495,"d":"11,495.00"},{"v":20,"d":"20.00"},{"v":2299,"d":"2,299.00"},"2017-12-03"]
[9,"组装电脑","组装",null,"台","10",{"v":1500,"d":"1,500.00"},{"v":15000,"d":"15,000.00"},{"v":12,"d":"12.00"},{"v":1800,"d":"1,800.00"}]
[10,"键盘",null,null,"个","8",{"v":44,"d":"44.00"},{"v":352,"d":"352.00"},{"v":12,"d":"12.00"},{"v":42,"d":"42.00"}]
[11,"聚财摆件","高155cm,宽50cm",null,"个","1",{"v":2180,"d":"2,180.00"},{"v":2180,"d":"2,180.00"},{"v":15,"d":"15.00"},{"v":327,"d":"327.00"}]
[12,"验钞机",null,null,"台","1",{"v":337,"d":"337.00"},{"v":337,"d":"337.00"},{"v":12,"d":"12.00"},{"v":40,"d":"40.00"}]
[13,"电话座机",null,null,"台","1",{"v":32,"d":"32.00"},{"v":32,"d":"32.00"},{"v":15,"d":"15.00"},{"v":5,"d":"5.00"}]
[14,"监控交换机","海康威视",null,"台","1",{"v":3675,"d":"3,675.00"},{"v":3675,"d":"3,675.00"},{"v":15,"d":"15.00"},{"v":551,"d":"551.00"}]
[15,"叫号机",null,null,"台","1",{"v":3810,"d":"3,810.00"},{"v":3810,"d":"3,810.00"},{"v":12,"d":"12.00"},{"v":457,"d":"457.00"}]
[16,"路由器",null,null,"台","2",{"v":2200,"d":"2,200.00"},{"v":4400,"d":"4,400.00"},{"v":12,"d":"12.00"},{"v":528,"d":"528.00"},"2017-12-01"]
[17,"笔记本电脑","联想Thinkpad470",null,"台","1",{"v":3500,"d":"3,500.00"},{"v":3500,"d":"3,500.00"},{"v":5,"d":"5.00"},{"v":175,"d":"175.00"}]
[18,"投影仪","爱普生CB-S04",null,"台","1",{"v":1355,"d":"1,355.00"},{"v":1355,"d":"1,355.00"},{"v":18,"d":"18.00"},{"v":244,"d":"244.00"}]
[1,"长木桌","实木",null,"张",{"v":4,"d":"4.00"},{"v":900,"d":"900.00"},{"v":3600,"d":"3,600.00"},{"v":30,"d":"30.00"},{"v":1080,"d":"1,080.00"}]
[2,"凳子","长2米，宽0.4米",null,"个",{"v":8,"d":"8.00"},{"v":900,"d":"900.00"},{"v":7200,"d":"7,200.00"},{"v":30,"d":"30.00"},{"v":2160,"d":"2,160.00"}]
[3,"立式空调","美的KFR-72LW",null,"台",{"v":5,"d":"5.00"},{"v":4999,"d":"4,999.00"},{"$f":"G27*F27","v":{"v":24995,"d":"24,995.00"}},{"v":20,"d":"20.00"},{"$f":"ROUND(H27*I27/100,0)","v":{"v":4999,"d":"4,999.00"}}]
[22,"黑皮沙发一套","1长2小",null,"套",{"v":1,"d":"1.00"},{"v":1748,"d":"1,748.00"},{"v":1748,"d":"1,748.00"},{"v":15,"d":"15.00"},{"v":262,"d":"262.00"}]
[23,"电视墙一套","6个电视及架子，单个显示器长100cm,宽48cm",null,"套",{"v":6,"d":"6.00"},{"v":2600,"d":"2,600.00"},{"v":15600,"d":"15,600.00"},{"v":20,"d":"20.00"},{"v":3120,"d":"3,120.00"}]
[24,"摄像头",null,null,"套",{"v":4,"d":"4.00"},{"v":245,"d":"245.00"},{"v":980,"d":"980.00"},{"v":15,"d":"15.00"},{"v":147,"d":"147.00"}]
[25,"果盘","塑料",null,"个",{"v":3,"d":"3.00"},{"v":2,"d":"2.00"},{"v":6,"d":"6.00"},{"v":18,"d":"18.00"},{"v":1,"d":"1.00"}]
[26,"POS机",null,null,"个",{"v":25,"d":"25.00"},{"v":599,"d":"599.00"},{"v":14975,"d":"14,975.00"},{"v":5,"d":"5.00"},{"$f":"25*15","v":{"v":375,"d":"375.00"}}]
[27,"H3c路由器",null,null,"个",{"v":1,"d":"1.00"},{"v":159,"d":"159.00"},{"v":159,"d":"159.00"},{"v":18,"d":"18.00"},{"v":29,"d":"29.00"}]
[28,"小办公桌",null,null,"张",{"v":4,"d":"4.00"},{"v":169,"d":"169.00"},{"v":676,"d":"676.00"},{"v":30,"d":"30.00"},{"v":203,"d":"203.00"}]
[29,"净水机","挂墙式",null,"台",{"v":1,"d":"1.00"},{"v":434,"d":"434.00"},{"v":434,"d":"434.00"},{"v":18,"d":"18.00"},{"v":78,"d":"78.00"}]
[30,"电话",null,null,"个",{"v":1,"d":"1.00"},{"v":32,"d":"32.00"},{"v":32,"d":"32.00"},{"v":18,"d":"18.00"},{"v":6,"d":"6.00"}]
[31,"扫把","塑料",null,"个",{"v":1,"d":"1.00"},{"v":5,"d":"5.00"},{"v":5,"d":"5.00"},{"v":18,"d":"18.00"},{"v":1,"d":"1.00"}]
[32,"杯子",null,null,"个",{"v":1,"d":"1.00"},{"v":10,"d":"10.00"},{"v":10,"d":"10.00"},{"v":18,"d":"18.00"},{"v":2,"d":"2.00"}]
[33,"垃圾桶",null,null,"个",{"v":4,"d":"4.00"},{"v":5,"d":"5.00"},{"v":20,"d":"20.00"},{"v":10,"d":"10.00"},{"v":2,"d":"2.00"}]
[34,"鸡蛋筐","塑料，长55cm,宽35cm",null,"个",{"v":8,"d":"8.00"},{"v":10,"d":"10.00"},{"v":80,"d":"80.00"},{"v":15,"d":"15.00"},{"v":12,"d":"12.00"}]
[35,"折叠椅",null,null,"个",{"v":31,"d":"31.00"},{"v":30,"d":"30.00"},{"v":930,"d":"930.00"},{"v":18,"d":"18.00"},{"v":167,"d":"167.00"}]
[36,"会议桌","木质",null,"张",{"v":1,"d":"1.00"},{"v":810,"d":"810.00"},{"v":810,"d":"810.00"},{"v":30,"d":"30.00"},{"v":243,"d":"243.00"}]
[37,"会议凳子",null,null,"个",{"v":12,"d":"12.00"},{"v":80,"d":"80.00"},{"v":960,"d":"960.00"},{"v":30,"d":"30.00"},{"v":288,"d":"288.00"}]
[38,"办公桌",null,null,"张",{"v":5,"d":"5.00"},{"v":178,"d":"178.00"},{"v":890,"d":"890.00"},{"v":30,"d":"30.00"},{"v":267,"d":"267.00"}]
[39,"书柜",null,null,"个",{"v":1,"d":"1.00"},{"v":355,"d":"355.00"},{"v":355,"d":"355.00"},{"v":24,"d":"24.00"},{"v":85,"d":"85.00"}]
[40,"办公桌",null,null,"张",{"v":1,"d":"1.00"},{"v":178,"d":"178.00"},{"v":178,"d":"178.00"},{"v":24,"d":"24.00"},{"v":43,"d":"43.00"}]
[41,"机柜",null,null,"个",{"v":1,"d":"1.00"},{"v":150,"d":"150.00"},{"v":150,"d":"150.00"},{"v":24,"d":"24.00"},{"v":36,"d":"36.00"}]
[42,"设备","2主机1交换器1录像机",null,"套",{"v":1,"d":"1.00"},{"v":2200,"d":"2,200.00"},{"v":2200,"d":"2,200.00"},{"v":24,"d":"24.00"},{"v":528,"d":"528.00"}]
[43,"显示器",null,null,"个",{"v":1,"d":"1.00"},{"v":500,"d":"500.00"},{"v":500,"d":"500.00"},{"v":12,"d":"12.00"},{"v":60,"d":"60.00"}]
[44,"水壶",null,null,"个",{"v":4,"d":"4.00"},{"v":80,"d":"80.00"},{"v":320,"d":"320.00"},{"v":12,"d":"12.00"},{"v":38,"d":"38.00"}]
[45,"热水壶",null,null,"个",{"v":1,"d":"1.00"},{"v":80,"d":"80.00"},{"v":80,"d":"80.00"},{"v":12,"d":"12.00"},{"v":10,"d":"10.00"}]
[46,"茶桌",null,null,"张",{"v":1,"d":"1.00"},{"v":680,"d":"680.00"},{"v":680,"d":"680.00"},{"v":20,"d":"20.00"},{"v":136,"d":"136.00"}]
[47,"长沙发",null,null,"个",{"v":1,"d":"1.00"},{"v":699,"d":"699.00"},{"v":699,"d":"699.00"},{"v":24,"d":"24.00"},{"v":168,"d":"168.00"}]
[48,"办公椅",null,null,"个",{"v":1,"d":"1.00"},{"v":80,"d":"80.00"},{"v":80,"d":"80.00"},{"v":24,"d":"24.00"},{"v":19,"d":"19.00"}]
[49,"显示器",null,null,"个",{"v":1,"d":"1.00"},{"v":150,"d":"150.00"},{"v":150,"d":"150.00"},{"v":24,"d":"24.00"},{"v":36,"d":"36.00"}]
[50,"爱心箱",null,null,"个",{"v":7,"d":"7.00"},{"v":85,"d":"85.00"},{"v":595,"d":"595.00"},{"v":24,"d":"24.00"},{"v":143,"d":"143.00"}]
[51,"装饰字画",null,null,"幅",{"v":3,"d":"3.00"},{"v":465,"d":"465.00"},{"$f":"G57*2","v":{"v":930,"d":"930.00"}},{"v":80,"d":"80.00"},{"v":744,"d":"744.00"}]
["合计",{"$nulls":4},{"$f":"SUM(F7:F57)","v":{"v":150,"d":"150.00"}},null,{"$f":"SUM(H7:H57)","v":{"v":163107,"d":"163,107.00"}}]
[]
[]
["                                       "]

{"sheet":"计算过程 (2)","index":2,"n_rows":23,"n_cols":14,"rows_kept":23,"hidden":true,"merged":[[2,0,2,13],[3,0,3,13],[4,12,4,13],[19,0,19,5]]}
[]
[]
["拟处置报废机械设备清查评估明细表"]
["评估基准日：2024年3月12日"]
["被评估单位：菏泽华瑞粮食储备有限公司",{"$nulls":11},"金额单位:人民币元"]
["序号","名称","规格型号","生产厂家","主要材质","计量单位","数量","单个重量（KG）","单价（元/KG）","单个皮带重量（KG）","单价（元/KG）","评估值","存放地点","备注"]
[1,"移动式转向抛粮输送机","15米长","安徽云龙集团","钢","台",{"v":4,"d":"4.00"},{"$f":"50*15+100","v":{"v":850,"d":"850.00"}},2.35,{"$f":"15*2*5.3","v":{"v":159,"d":"159.00"}},{"v":1.3,"d":"1.30"},{"$f":"ROUND((H7*I7+J7*K7)*G7,0)","v":{"v":8817,"d":"8,817.00"}},"马岭岗一分库"]
[2,"普通带式移动输送机","12米长","安徽云龙集团","钢","台",{"v":1,"d":"1.00"},{"$f":"50*12","v":{"v":600,"d":"600.00"}},2.35,{"$f":"12*2*5.3","v":{"v":127.2,"d":"127.20"}},{"v":1.3,"d":"1.30"},{"$f":"ROUND((H8*I8+J8*K8)*G8,0)","v":{"v":1575,"d":"1,575.00"}},"马岭岗一分库"]
[3,"普通带式移动输送机","10米长","安徽云龙集团","钢","台",{"v":1,"d":"1.00"},{"$f":"50*10","v":{"v":500,"d":"500.00"}},2.35,{"$f":"10*2*5.3","v":{"v":106,"d":"106.00"}},{"v":1.3,"d":"1.30"},{"v":1313,"d":"1,313.00"},"马岭岗一分库"]
[4,"单排扒谷机",null,null,"钢","台",{"v":2,"d":"2.00"},{"$nulls":4},{"$f":"100*2*2.35","v":{"v":470,"d":"470.00"}},"马岭岗一分库"]
[5,"双排扒谷机",null,"顺达粮油","钢","台",{"v":1,"d":"1.00"},{"$nulls":4},{"$f":"100*2.35","v":{"v":235,"d":"235.00"}},"马岭岗一分库"]
[6,"圆筒式清粮机","SCY-2000型","安徽云龙集团","钢","台",{"v":2,"d":"2.00"},{"v":1400,"d":"1,400.00"},2.35,null,null,{"$f":"ROUND((H12*I12+J12*K12)*G12,0)","v":{"v":6580,"d":"6,580.00"}},"马岭岗一分库"]
[7,"卸粮平台（输送带）","8米长","安徽聚力机械制造有限公司","钢","台",{"v":2,"d":"2.00"},{"$f":"50*8","v":{"v":400,"d":"400.00"}},2.35,{"$f":"8*2*5.3","v":{"v":84.8,"d":"84.80"}},{"v":1.3,"d":"1.30"},{"$f":"ROUND((H13*I13+J13*K13)*G13,0)","v":{"v":2100,"d":"2,100.00"}},"马岭岗一分库"]
[8,"液压装仓机","YL-550","安徽云龙集团","钢","台",{"v":1,"d":"1.00"},{"v":2000,"d":"2,000.00"},2.35,null,null,{"$f":"(H14*I14+J14*K14)*G14","v":{"v":4700,"d":"4,700.00"}},"马岭岗一分库"]
[9,"普通带式移动输送机","15米长",null,"钢","台",{"v":1,"d":"1.00"},{"$f":"50*15","v":{"v":750,"d":"750.00"}},2.35,{"$f":"15*2*5.3","v":{"v":159,"d":"159.00"}},{"v":1.3,"d":"1.30"},{"$f":"ROUND((H15*I15+J15*K15)*G15,0)","v":{"v":1969,"d":"1,969.00"}},"成武天宫庙粮库"]
[10,"补仓机",null,null,"钢","台",{"v":1,"d":"1.00"},{"$f":"H14*0.8","v":{"v":1600,"d":"1,600.00"}},2.35,null,null,{"$f":"(H16*I16+J16*K16)*G16","v":{"v":3760,"d":"3,760.00"}},"成武天宫庙粮库"]
[11,"普通带式移动输送机","12米长",null,"钢","台",{"v":3,"d":"3.00"},{"$f":"50*12","v":{"v":600,"d":"600.00"}},2.35,{"$f":"12*2*5.3","v":{"v":127.2,"d":"127.20"}},{"v":1.3,"d":"1.30"},{"$f":"ROUND((H17*I17+J17*K17)*G17,0)","v":{"v":4726,"d":"4,726.00"}},"鄄城大埝粮库"]
[12,"普通带式移动输送机","15米长",null,"钢","台",{"v":1,"d":"1.00"},{"$f":"50*15","v":{"v":750,"d":"750.00"}},2.35,{"$f":"15*2*5.3","v":{"v":159,"d":"159.00"}},{"v":2.3,"d":"2.30"},{"$f":"ROUND((H18*I18+J18*K18)*G18,0)","v":{"v":2128,"d":"2,128.00"}},"鄄城大埝粮库"]
[13,"扒谷机",null,null,"钢","台",{"v":2,"d":"2.00"},{"$nulls":4},{"$f":"(500+100)*2.35","v":{"v":1410,"d":"1,410.00"}},"鄄城大埝粮库"]
["合计",{"$nulls":5},{"$f":"SUM(G7:G19)","v":{"v":22,"d":"22.00"}},{"$nulls":4},{"$f":"SUM(L7:L19)","v":{"v":39783,"d":"39,783.00"}}]
[]
["评估机构：山东汉光土地房地产资产评估有限公司",{"$nulls":5},"评估人员：    程修常          牛钢义"]
["                                       "]

{"sheet":"评估明细表 (2)","index":3,"n_rows":23,"n_cols":10,"rows_kept":23,"hidden":true,"merged":[[2,0,2,9],[3,0,3,9],[4,8,4,9],[19,0,19,5]]}
[]
[]
["拟处置报废资产清查评估明细表"]
["评估基准日：2024年3月12日"]
["被评估单位：菏泽华瑞粮食储备有限公司",{"$nulls":7},"金额单位:人民币元"]
["序号","名称","规格型号","生产厂家","主要材质","计量单位","数量","评估值","存放地点","备注"]
[1,"移动式转向抛粮输送机","15米长","安徽云龙集团","钢","台",{"v":4,"d":"4.00"},{"v":8817,"d":"8,817.00"},"马岭岗一分库"]
[2,"普通带式移动输送机","12米长","安徽云龙集团","钢","台",{"v":1,"d":"1.00"},{"v":1575,"d":"1,575.00"},"马岭岗一分库"]
[3,"普通带式移动输送机","10米长","安徽云龙集团","钢","台",{"v":1,"d":"1.00"},{"v":1313,"d":"1,313.00"},"马岭岗一分库"]
[4,"单排扒谷机",null,null,"钢","台",{"v":2,"d":"2.00"},{"v":470,"d":"470.00"},"马岭岗一分库"]
[5,"双排扒谷机",null,"顺达粮油","钢","台",{"v":1,"d":"1.00"},{"v":235,"d":"235.00"},"马岭岗一分库"]
[6,"圆筒式清粮机","SCY-2000型","安徽云龙集团","钢","台",{"v":2,"d":"2.00"},{"v":6580,"d":"6,580.00"},"马岭岗一分库"]
[7,"卸粮平台（输送带）","8米长","安徽聚力机械制造有限公司","钢","台",{"v":2,"d":"2.00"},{"v":2100,"d":"2,100.00"},"马岭岗一分库"]
[8,"液压装仓机","YL-550","安徽云龙集团","钢","台",{"v":1,"d":"1.00"},{"v":4700,"d":"4,700.00"},"马岭岗一分库"]
[9,"普通带式移动输送机","15米长",null,"钢","台",{"v":1,"d":"1.00"},{"v":1969,"d":"1,969.00"},"成武天宫庙粮库"]
[10,"补仓机",null,null,"钢","台",{"v":1,"d":"1.00"},{"v":3760,"d":"3,760.00"},"成武天宫庙粮库"]
[11,"普通带式移动输送机","12米长",null,"钢","台",{"v":3,"d":"3.00"},{"v":4726,"d":"4,726.00"},"鄄城大埝粮库"]
[12,"普通带式移动输送机","15米长",null,"钢","台",{"v":1,"d":"1.00"},{"v":2128,"d":"2,128.00"},"鄄城大埝粮库"]
[13,"扒谷机",null,null,"钢","台",{"v":2,"d":"2.00"},{"v":1410,"d":"1,410.00"},"鄄城大埝粮库"]
["合计",{"$nulls":5},{"$f":"SUM(G7:G19)","v":{"v":22,"d":"22.00"}},{"$f":"SUM(H7:H19)","v":{"v":39783,"d":"39,783.00"}}]
[]
["评估机构：山东汉光土地房地产资产评估有限公司",{"$nulls":5},"评估人员：    程修常          牛钢义"]
["                                       "]

{"sheet":"Sheet1","index":4,"n_rows":14,"n_cols":6,"rows_kept":14,"hidden":true}
[]
[]
[]
[]
[]
[{"$nulls":5},"800热力管道一米多重800的钢管一米194.7271公斤重，壁厚10mm。 计算过程如下： 钢铁密度=7.85克/立方厘米 米重=0.00785×截面积=0.00785×3.14×0.25×（800²-780²） =194.7271公斤/米，其它壁厚重量参考如上公式"]
{"$rows_empty":7}
[null,null,"DN1000",{"$f":"0.00785*3.14*0.25*(1000^2-980^2)","v":244.0251}]

{"sheet":"有计算式","index":5,"n_rows":113,"n_cols":9,"rows_kept":113,"hidden":true,"merged":[[0,0,0,7],[1,0,1,7],[108,0,108,4]]}
["拟处置废旧物资清查评估明细表"]
["评估基准日：2020年4月13日"]
["被评估单位：国网山东省电力公司菏泽供电公司",{"$nulls":6},"金额单位: 人民币元"]
["序号","资产名称","规格型号","报废原因","计量单位","数量","评估值","报废项目或来源","备注"]
[1,"废旧绝缘线 ","JKLYJ-120","维修替换材料报废","千克","6545",{"$f":"F5*4.8","v":{"v":31416,"d":"31,416.00"}},"配电运检室报送的国网山东菏泽供电公司城区10kV华西II线等3条线路维修工程非资产物资报废","可回收材质为铝"]
[2,"废旧绝缘线 ","JKLYJ-120","维修替换材料报废","千克",3035,{"$f":"F6*4.8","v":{"v":14568,"d":"14,568.00"}},"配电运检室报送的国网山东菏泽供电公司城区10kV黄口II线维修工程非资产物资报废","可回收材质为铝"]
[3,"废旧绝缘线 ","LJ-70、LJ-35、LJ-25、JK","维修替换材料报废","千克",9105,{"v":43704,"d":"43,704.00"},"配电运检室报送的国网山东菏泽供电公司城区10kV武庄等8个台区0.4kV低压线路维修工程非资产物资报废","可回收材质为铝"]
[4,"废旧绝缘线 ","LJ-70、LJ-35、LJ-25、JK","维修替换材料报废","千克",8442,{"v":40521.6,"d":"40,521.60"},"配电运检室报送的国网山东菏泽供电公司城区10kV大屯西南等8个台区0.4kV低压线路维修工程非资产物资报废","可回收材质为铝"]
[5,"钢管杆 ","/","维修替换材料报废","千克",4332,{"$f":"F9*1","v":{"v":4332,"d":"4,332.00"}},"配电运检室报送的国网山东菏泽供电公司城区10kV黄口II线维修工程非资产物资报废"]
[6,"钢管杆 ","/","维修替换材料报废","千克",1800,{"$f":"F10*1","v":{"v":1800,"d":"1,800.00"}},"配电运检室报送的国网山东菏泽供电公司城区10kV华西II线等3条线路维修工程非资产物资报废"]
[7,"横担","/","维修替换材料报废","根 ",194,{"$f":"1000*0.776","v":{"v":776,"d":"776.00"}},"配电运检室报送的国网山东菏泽供电公司城区10kV黄口II线维修工程非资产物资报废","可回收重量约0.776吨"]
[8,"横担","/","维修替换材料报废","根 ",39,{"$f":"1000*0.156","v":{"v":156,"d":"156.00"}},"配电运检室报送的国网山东菏泽供电公司城区10kV华西II线等3条线路维修工程非资产物资报废","可回收重量约0.156吨"]
[9,"开关配件 ","ZW32-12","低值易耗品","个 ",26,{"$f":"40*0.6*20.44*26","v":{"v":12754.56,"d":"12,754.56"}},"配电运检室报送的线路入地改造 非资产物资报废"]
[10,"开关配件 ","ZWG-12","低值易耗品","个 ",1,{"$f":"150*0.6*20.44*1","v":{"v":1839.6,"d":"1,839.60"}},"配电运检室报送的线路入地改造 非资产物资报废"]
[11,"开关配件 ","/","低值易耗品","个 ",18,{"$f":"(150*0.4*0.942+150*0.6*20.44)*18","v":{"v":34130.16,"d":"34,130.16"}},"配电运检室报送的线路入地改造 非资产物资报废"]
[12,"互感器配件 ","/","低值易耗品","个 ",9,{"$f":"30*0.6*20.44*9","v":{"v":3311.28,"d":"3,311.28"}},"配电运检室报送的线路入地改造 非资产物资报废"]
[13,"35KV3107#1电抗器 ","CKGKL-150+150/35-6％ ","维修替换材料报废","只",6,{"$f":"300*0.7*9.36*6","v":{"v":11793.6,"d":"11,793.60"}},"变电检修室报送的220kV单城变电站非资产物资报废"]
[14,"35KV3113#2电抗器 ","CKGKL-150+150/35-6％ ","维修替换材料报废","只",6,{"$f":"300*0.7*9.36*6","v":{"v":11793.6,"d":"11,793.60"}},"变电检修室报送的220kV单城变电站非资产物资报废"]
[15,"废旧绝缘线 ","LG-25","维修替换材料报废","千克",65,{"$f":"F19*4.8","v":{"v":312,"d":"312.00"}},"城东分中心报送的菏泽牡丹区黄堽镇10KV贾庄村等9个台区低压线路新建工程 非资产物资报废","可回收材质为铝"]
[16,"废旧绝缘线 ","LG-25","维修替换材料报废","千克",300,{"v":1440,"d":"1,440.00"},"城东分中心报送的国网山东菏泽供电公司开发区安兴外黄庄、安兴10队等9个台区0.4KV低压线路维修非资产物资报废","可回收材质为铝"]
[17,"废旧横担","1500MM","维修替换材料报废","根 ",30,{"$f":"1*30","v":{"v":30,"d":"30.00"}},"城东分中心报送的国网山东菏泽供电公司开发区安兴外黄庄、安兴10队等9个台区0.4KV低压线路维修非资产物资报废","可回收重量约30公斤"]
[18,"废旧绝缘线 ","LG-25","维修替换材料报废","千克",255,{"$f":"F22*4.8","v":{"v":1224,"d":"1,224.00"}},"城东分中心报送的国网山东菏泽供电公司开发区沙土赵屯四队、八里庄等2个台区0.4KV低压线路维修工 非资产物资报废","可回收材质为铝"]
[19,"废旧横担","1500MM","维修替换材料报废","根 ",20,{"$f":"1*20","v":{"v":20,"d":"20.00"}},"城东分中心报送的国网山东菏泽供电公司开发区沙土赵屯四队、八里庄等2个台区0.4KV低压线路维修工 非资产物资报废","可回收重量约20公斤"]
[20,"废旧绝缘线 ","LG-25","维修替换材料报废","千克",200,{"$f":"F24*4.8","v":{"v":960,"d":"960.00"}},"城东分中心报送的国网山东菏泽供电公司开发区10KV周楼支线线路维修工程非资产物资报废","可回收材质为铝"]
[21,"废旧横担","1500MM","维修替换材料报废","根 ",20,{"$f":"F25*1","v":{"v":20,"d":"20.00"}},"城东分中心报送的国网山东菏泽供电公司开发区10KV周楼支线线路维修工程非资产物资报废","可回收重量约20公斤"]
[22,"废旧绝缘线 ","LG-25","维修替换材料报废","千克",225,{"$f":"F26*4.8","v":{"v":1080,"d":"1,080.00"}},"城东分中心报送的菏泽市牡丹区沙土镇10KV八里庄村1#台区等12个台区改造工程 非资产物资报废","可回收材质为铝"]
[23,"废旧横担","1500MM","维修替换材料报废","根 ",30,{"$f":"F27*1","v":{"v":30,"d":"30.00"}},"城东分中心报送的菏泽市牡丹区沙土镇10KV八里庄村1#台区等12个台区改造工程 非资产物资报废","可回收重量约30公斤"]
[24,"废旧绝缘线 ","LG-25","维修替换材料报废","千克",265,{"$f":"F28*4.8","v":{"v":1272,"d":"1,272.00"}},"城东分中心报送的菏泽牡丹区110KV皇镇站10KV定胡I线等两条线路改造工程 非资产物资报废","可回收材质为铝"]
[25,"废旧横担","1500MM","维修替换材料报废","根 ",20,{"$f":"F29*1","v":{"v":20,"d":"20.00"}},"城东分中心报送的菏泽牡丹区110KV皇镇站10KV定胡I线等两条线路改造工程 非资产物资报废","可回收重量约20公斤"]
[26,"废旧绝缘线 ","LG-25","维修替换材料报废","千克",240,{"$f":"F30*4.8","v":{"v":1152,"d":"1,152.00"}},"城东分中心报送的国网山东菏泽供电公司开发区10KV济北I线石堂支线等3条分支线路维修工程 非资产物资报废","可回收材质为铝"]
[27,"废旧横担","1500MM","维修替换材料报废","根 ",21,{"$f":"F31*1","v":{"v":21,"d":"21.00"}},"城东分中心报送的国网山东菏泽供电公司开发区10KV济北I线石堂支线等3条分支线路维修工程 非资产物资报废","可回收重量约21公斤"]
[28,"废旧绝缘线 ","LG-25","维修替换材料报废","千克",265,{"$f":"F32*4.8","v":{"v":1272,"d":"1,272.00"}},"城东分中心报送的国网山东菏泽供电公司开发区10KV张庄线、骆屯线等2条线路维修工程 非资产物资报废","可回收材质为铝"]
[29,"废旧横担","1500MM","维修替换材料报废","根 ",25,{"$f":"F33*1","v":{"v":25,"d":"25.00"}},"城东分中心报送的国网山东菏泽供电公司开发区10KV张庄线、骆屯线等2条线路维修工程 非资产物资报废","可回收重量约25公斤"]
[30,"废旧绝缘线 ","LG-25","维修替换材料报废","千克",280,{"$f":"F34*4.8","v":{"v":1344,"d":"1,344.00"}},"城东分中心报送的国网山东菏泽供电公司开发区0-4KV何海等3个台区低压线路维修工程 非资产物资报废","可回收材质为铝"]
[31,"废旧横担","1500MM","维修替换材料报废","根 ",25,{"$f":"F35*1","v":{"v":25,"d":"25.00"}},"城东分中心报送的国网山东菏泽供电公司开发区0-4KV何海等3个台区低压线路维修工程 非资产物资报废","可回收重量约25公斤"]
[32,"废旧绝缘线 ","LG-25","维修替换材料报废","千克",255,{"$f":"F36*4.8","v":{"v":1224,"d":"1,224.00"}},"城东分中心报送的国网山东菏泽供电公司开发区10KV张集线、北洼线等2条线路维修工程 非资产物资报废","可回收材质为铝"]
[33,"废旧横担","1500MM","维修替换材料报废","根 ",15,{"$f":"F37*1","v":{"v":15,"d":"15.00"}},"城东分中心报送的国网山东菏泽供电公司开发区10KV张集线、北洼线等2条线路维修工程 非资产物资报废","可回收重量约15公斤"]
[34,"废旧绝缘线 ","LG-25","维修替换材料报废","千克",310,{"$f":"F38*4.8","v":{"v":1488,"d":"1,488.00"}},"城东分中心报送的国网山东菏泽供电公司开发区皇镇刘庄、肖庄等3个台区0-4KV低压线路维修工程非资产物资报废","可回收材质为铝"]
[35,"废旧横担","1500MM","维修替换材料报废","根 ",20,{"$f":"F39*1","v":{"v":20,"d":"20.00"}},"城东分中心报送的国网山东菏泽供电公司开发区皇镇刘庄、肖庄等3个台区0-4KV低压线路维修工程非资产物资报废","可回收重量约20公斤"]
[36,"废旧绝缘线 ","LG-25","维修替换材料报废","千克",300,{"$f":"F40*4.8","v":{"v":1440,"d":"1,440.00"}},"城东分中心报送的国网山东菏泽供电公司开发区安兴冯庙、任楼等2个台区0-4KV低压线路维修工程非资产物资报废","可回收材质为铝"]
[37,"废旧横担","1500MM","维修替换材料报废","根 ",20,{"$f":"F41*1","v":{"v":20,"d":"20.00"}},"城东分中心报送的国网山东菏泽供电公司开发区安兴冯庙、任楼等2个台区0-4KV低压线路维修工程非资产物资报废","可回收重量约20公斤"]
[38,"废旧绝缘线 ","LG-25","维修替换材料报废","千克",315,{"$f":"F42*4.8","v":{"v":1512,"d":"1,512.00"}},"城东分中心报送的国网山东菏泽供电公司开发区小留公用变、小留南等6个台区0-4KV低压线路维修工程非资产物资报废","可回收材质为铝"]
[39,"废旧横担","1500MM","维修替换材料报废","根 ",18,{"$f":"F43*1","v":{"v":18,"d":"18.00"}},"城东分中心报送的国网山东菏泽供电公司开发区小留公用变、小留南等6个台区0-4KV低压线路维修工程非资产物资报废","可回收重量约18公斤"]
[40,"废旧绝缘线 ","LG-25","维修替换材料报废","千克",350,{"$f":"F44*4.8","v":{"v":1680,"d":"1,680.00"}},"城东分中心报送的国网山东菏泽供电公司开发区安兴侯楼、王庄等7个台区0-4KV低压线路维修工程非资产物资报废","可回收材质为铝"]
[41,"废旧横担","1500MM","维修替换材料报废","根 ",18,{"$f":"F45*1","v":{"v":18,"d":"18.00"}},"城东分中心报送的国网山东菏泽供电公司开发区安兴侯楼、王庄等7个台区0-4KV低压线路维修工程非资产物资报废","可回收重量约18公斤"]
[42,"废旧绝缘线 ","LG-25","维修替换材料报废","千克",212,{"$f":"F46*4.8","v":{"v":1017.6,"d":"1,017.60"}},"城东分中心报送的国网山东菏泽供电公司开发区皇镇夹河赵、刘双庙等2个台区0-4KV低压线路维修工程非资产物资报废","可回收材质为铝"]
[43,"废旧横担","1500MM","维修替换材料报废","根 ",21,{"$f":"F47*1","v":{"v":21,"d":"21.00"}},"城东分中心报送的国网山东菏泽供电公司开发区皇镇夹河赵、刘双庙等2个台区0-4KV低压线路维修工程非资产物资报废","可回收重量约21公斤"]
[44,"废旧绝缘线 ","LG-25","维修替换材料报废","千克",285,{"$f":"F48*4.8","v":{"v":1368,"d":"1,368.00"}},"城东分中心报送的国网山东菏泽供电公司开发区10KV曹海支线等5条线路维修工程 非资产物资报废","可回收材质为铝"]
[45,"废旧横担","1500MM","维修替换材料报废","根 ",25,{"$f":"F49*1","v":{"v":25,"d":"25.00"}},"城东分中心报送的国网山东菏泽供电公司开发区10KV曹海支线等5条线路维修工程 非资产物资报废","可回收重量约25公斤"]
[46,"废旧绝缘线 ","LG-25","维修替换材料报废","千克",209,{"$f":"F50*4.8","v":{"v":1003.2,"d":"1,003.20"}},"城东分中心报送的国网山东菏泽供电公司开发区辛集西王庄、前杨海等4个0-4KV低压线路维修工程非资产物资报废","可回收材质为铝"]
[47,"废旧横担","1500MM","维修替换材料报废","根 ",20,{"$f":"F51*1","v":{"v":20,"d":"20.00"}},"城东分中心报送的国网山东菏泽供电公司开发区辛集西王庄、前杨海等4个0-4KV低压线路维修工程非资产物资报废","可回收重量约20公斤"]
[48,"废旧绝缘线 ","LG-25","维修替换材料报废","千克",230,{"$f":"F52*4.8","v":{"v":1104,"d":"1,104.00"}},"城东分中心报送的国网山东菏泽供电公司开发区10KV佃户屯线供电所支线等4条线路维修工程 非资产物资报废","可回收材质为铝"]
[49,"废旧横担","1500MM","维修替换材料报废","根 ",25,{"$f":"F53*1","v":{"v":25,"d":"25.00"}},"城东分中心报送的国网山东菏泽供电公司开发区10KV佃户屯线供电所支线等4条线路维修工程 非资产物资报废","可回收重量约25公斤"]
[50,"废旧绝缘线 ","LG-25","维修替换材料报废","千克",210,{"$f":"F54*4.8","v":{"v":1008,"d":"1,008.00"}},"城东分中心报送的国网山东菏泽供电公司牡丹区10KV张堂线齐岗支线等3条支线维修工程 非资产物资报废","可回收材质为铝"]
[51,"废旧横担","1500MM","维修替换材料报废","根 ",20,{"$f":"F55*1","v":{"v":20,"d":"20.00"}},"城东分中心报送的国网山东菏泽供电公司牡丹区10KV张堂线齐岗支线等3条支线维修工程 非资产物资报废","可回收重量约20公斤"]
[52,"废旧绝缘线 ","LG-25","维修替换材料报废","千克",230,{"$f":"F56*4.8","v":{"v":1104,"d":"1,104.00"}},"城东分中心报送的菏泽市牡丹区35KV岳程庄站10KV庞王庄线改造工程 非资产物资报废","可回收材质为铝"]
[53,"废旧横担","1500MM","维修替换材料报废","根 ",18,{"$f":"F57*1","v":{"v":18,"d":"18.00"}},"城东分中心报送的菏泽市牡丹区35KV岳程庄站10KV庞王庄线改造工程 非资产物资报废","可回收重量约18公斤"]
[54,"变压器铁芯 ",null,"非资产类备品备件报废","个 ",6,{"$f":"150*0.52*1.32*6","v":617.76},"非项目物资报废 非资产物资报废"]
[55,"变压器绕组 ",null,"非资产类备品备件报废","个 ",15,{"$f":"150*0.25*27.04*15","v":{"v":15210,"d":"15,210.00"}},"非项目物资报废 非资产物资报废"]
[56,"变压器外壳 ",null,"非资产类备品备件报废","个 ",16,{"$f":"150*0.23*1.32*16","v":728.64},"非项目物资报废 非资产物资报废"]
[57,"变压器铁芯 ",null,"非资产类备品备件报废","个 ",10,{"$f":"150*0.52*1.32*10","v":{"v":1029.6,"d":"1,029.60"}},"非项目物资报废 非资产物资报废"]
[58,"变压器绕组 ",null,"非资产类备品备件报废","个 ",1,{"$f":"150*0.25*27.04*1","v":{"v":1014,"d":"1,014.00"}},"非项目物资报废 非资产物资报废"]
[59,"压缩机 ","P06","维修替换材料报废","台 ",4,{"$f":"F63*50","v":{"v":200,"d":"200.00"}},"电力调度控制中心报送的国国网山东菏泽供电公司D5000系统用精密空调维修工程 非资产物资报废"]
[60,"室外机电路板","MEAD402","维修替换材料报废","块",7,{"$f":"F64*2","v":{"v":14,"d":"14.00"}},"电力调度控制中心报送的国国网山东菏泽供电公司D5001系统用精密空调维修工程 非资产物资报废"]
[61,"内机主板","KFR-120L","维修替换材料报废","块",10,{"$f":"F65*2","v":{"v":20,"d":"20.00"}},"电力调度控制中心报送的国国网山东菏泽供电公司D5002系统用精密空调维修工程 非资产物资报废"]
[62,"室内外风机 ","RZP450PAY1","维修替换材料报废","台 ",20,{"$f":"F66*8","v":{"v":160,"d":"160.00"}},"电力调度控制中心报送的国国网山东菏泽供电公司D5003系统用精密空调维修工程 非资产物资报废"]
[63,"加湿泵 ","P06","维修替换材料报废","台 ",15,{"$f":"F67*11","v":{"v":165,"d":"165.00"}},"电力调度控制中心报送的国国网山东菏泽供电公司D5004系统用精密空调维修工程 非资产物资报废"]
[64,"氟利昂 ","MEAD402","维修替换材料报废","罐 ",10,{"$f":"F68*2.66","v":{"v":26.6,"d":"26.60"}},"电力调度控制中心报送的国国网山东菏泽供电公司D5005系统用精密空调维修工程 非资产物资报废"]
[65,"空气滤网","RZP450PAY1","维修替换材料报废","片 ",10,{"$f":"F69*0.5","v":{"v":5,"d":"5.00"}},"电力调度控制中心报送的国国网山东菏泽供电公司D5006系统用精密空调维修工程 非资产物资报废"]
[66,"电容","UL33-1000L","维修替换材料报废","块",4,{"$f":"F70*0.8","v":{"v":3.2,"d":"3.20"}},"电力调度控制中心报送的国网山东菏泽供电公司调度设备不间断电源维修工程 非资产物资报废"]
[67,"控制板 ","UL33-1000L","维修替换材料报废","块",3,{"$f":"F71*2","v":{"v":6,"d":"6.00"}},"电力调度控制中心报送的国网山东菏泽供电公司调度设备不间断电源维修工程 非资产物资报废"]
[68,"电源风扇","UL33-1000L","维修替换材料报废","块",5,{"$f":"F72*1.8","v":{"v":9,"d":"9.00"}},"电力调度控制中心报送的国网山东菏泽供电公司调度设备不间断电源维修工程 非资产物资报废"]
[69,"整流模块","UL33-1000L","维修替换材料报废","块",6,{"$f":"F73*1.6","v":{"v":9.6,"d":"9.60"}},"电力调度控制中心报送的国网山东菏泽供电公司调度设备不间断电源维修工程 非资产物资报废"]
[70,"冷缩式中间接头 ","UL33-1000L","维修替换材料报废","块",4,{"$f":"F74*4","v":{"v":16,"d":"16.00"}},"电力调度控制中心报送的国网山东菏泽供电公司调度设备不间断电源维修工程 非资产物资报废"]
[71,"IGBT模块","UL33-1000L","维修替换材料报废","块",2,{"$f":"F75*3","v":{"v":6,"d":"6.00"}},"电力调度控制中心报送的国网山东菏泽供电公司调度设备不间断电源维修工程 非资产物资报废"]
[72,"服务器主板 ","540-7323","维修替换材料报废","块",6,{"$f":"F76*1.1","v":{"v":6.6,"d":"6.60"}},"电力调度控制中心报送的国网山东菏泽供电公司智能电网调度控制系统维修工程非资产物资报废"]
[73,"服务器硬盘 ","653082-B21","维修替换材料报废","块",5,{"$f":"F77*1.2","v":{"v":6,"d":"6.00"}},"电力调度控制中心报送的国网山东菏泽供电公司智能电网调度控制系统维修工程非资产物资报废"]
[74,"电源模块","348114-B21","维修替换材料报废","块",10,{"$f":"F78*1.3","v":{"v":13,"d":"13.00"}},"电力调度控制中心报送的国网山东菏泽供电公司智能电网调度控制系统维修工程非资产物资报废"]
[75,"服务器IO板 ","541-0929","维修替换材料报废","块",4,{"$f":"F79*2","v":{"v":8,"d":"8.00"}},"电力调度控制中心报送的国网山东菏泽供电公司智能电网调度控制系统维修工程非资产物资报废"]
[76,"工作站CPU","INTEL-XEON E5-1600","维修替换材料报废","块",3,{"$f":"F80*2.1","v":{"v":6.3,"d":"6.30"}},"电力调度控制中心报送的国网山东菏泽供电公司智能电网调度控制系统维修工程非资产物资报废"]
[77,"PCI板 ","PCI-E8622","维修替换材料报废","块",8,{"$f":"F81*2","v":{"v":16,"d":"16.00"}},"电力调度控制中心报送的国网山东菏泽供电公司智能电网调度控制系统维修工程非资产物资报废"]
[78,"SAN交换机光模块","XFP-SX-MM850","维修替换材料报废","块",4,{"$f":"F82*2.1","v":{"v":8.4,"d":"8.40"}},"电力调度控制中心报送的国网山东菏泽供电公司智能电网调度控制系统维修工程非资产物资报废"]
[79,"内存条 ","500662-B21","维修替换材料报废","条",10,{"$f":"F83*0.9","v":{"v":9,"d":"9.00"}},"电力调度控制中心报送的国网山东菏泽供电公司智能电网调度控制系统维修工程非资产物资报废"]
[80,"显卡","NVIDIA-GTX960","维修替换材料报废","条",10,{"$f":"F84*0.6","v":{"v":6,"d":"6.00"}},"电力调度控制中心报送的国网山东菏泽供电公司智能电网调度控制系统维修工程非资产物资报废"]
[81,"SR8808主控板 ","SRO2SRP1E3","维修替换材料报废","块",4,{"$f":"F85*1.2","v":{"v":4.8,"d":"4.80"}},"电力调度控制中心报送的国网山东菏泽供电公司35KV解元集等117座变电站及主站数据网硬件维修工程非资产物资报废"]
[82,"8端口千兆业务板卡","PIC-ET8G8L","维修替换材料报废","块",6,{"$f":"F86*0.7","v":{"v":4.2,"d":"4.20"}},"电力调度控制中心报送的国网山东菏泽供电公司35KV解元集等118座变电站及主站数据网硬件维修工程非资产物资报废"]
[83,"2端口非通道化E1接口SIC模块","SIC-2E1-F","维修替换材料报废","块",20,{"$f":"F87*0.5","v":{"v":10,"d":"10.00"}},"电力调度控制中心报送的国网山东菏泽供电公司35KV解元集等119座变电站及主站数据网硬件维修工程非资产物资报废"]
[84,"4口百兆业务板卡 ","SIC-4FSW","维修替换材料报废","块",15,{"$f":"F88*0.6","v":{"v":9,"d":"9.00"}},"电力调度控制中心报送的国网山东菏泽供电公司35KV解元集等120座变电站及主站数据网硬件维修工程非资产物资报废"]
[85,"电源模块","PSR300-12A1","维修替换材料报废","块",20,{"$f":"F89*0.6","v":{"v":12,"d":"12.00"}},"电力调度控制中心报送的国网山东菏泽供电公司35KV解元集等121座变电站及主站数据网硬件维修工程非资产物资报废"]
[86,"8端口千兆业务模块","CR2D00E8GF1","维修替换材料报废","块",4,{"$f":"F90*1.8","v":{"v":7.2,"d":"7.20"}},"电力调度控制中心报送的国网山东菏泽供电公司35KV解元集等122座变电站及主站数据网硬件维修工程非资产物资报废"]
[87,"4端口POS业务模块","CR2D00P4CF11","维修替换材料报废","块",4,{"$f":"F91*1.2","v":{"v":4.8,"d":"4.80"}},"电力调度控制中心报送的国网山东菏泽供电公司35KV解元集等123座变电站及主站数据网硬件维修工程非资产物资报废"]
[88,"4端口CPOS业务模块","CR2D00C4CF11","维修替换材料报废","块",10,{"$f":"F92*1.2","v":{"v":12,"d":"12.00"}},"电力调度控制中心报送的国网山东菏泽供电公司35KV解元集等124座变电站及主站数据网硬件维修工程非资产物资报废"]
[89,"路由器模块 ","RT-SIC-1E1F","维修替换材料报废","块",10,{"$f":"F93*0.5","v":{"v":5,"d":"5.00"}},"电力调度控制中心报送的国网山东菏泽供电公司35KV解元集等125座变电站及主站数据网硬件维修工程非资产物资报废"]
[90,"交换机风扇 ","LSPM1FANSB","维修替换材料报废","块",20,{"$f":"F94*2","v":{"v":40,"d":"40.00"}},"电力调度控制中心报送的国网山东菏泽供电公司35KV解元集等126座变电站及主站数据网硬件维修工程非资产物资报废"]
[91,"废旧导线","LGJ-35","维修替换材料报废","吨 ",0.32,{"$f":"F95*5500","v":{"v":1760,"d":"1,760.00"}},"牡丹客户服务分中心报送的国网山东菏泽供电公司牡丹区10KV李庄线石人刘支线等3条线路维修 非资产物资报废","可回收材质为铝"]
[92,"废旧导线","LGJ-35","维修替换材料报废","吨 ",0.4,{"$f":"F96*5500","v":{"v":2200,"d":"2,200.00"}},"牡丹客户服务分中心报送的国网山东菏泽供电公司牡丹区10KV孙化屯线泰兴支线等4条线路维修 非资产物资报废","可回收材质为铝"]
[93,"废旧导线","LGJ-35","维修替换材料报废","吨 ",0.69,{"v":3795,"d":"3,795.00"},"牡丹客户服务分中心报送的国网山东菏泽供电公司牡丹区10KV万西线秦庄支线等7条线路维修工非资产物资报废","可回收材质为铝"]
[94,"废旧导线","LGJ-35","维修替换材料报废","吨 ",0.32,{"v":1760,"d":"1,760.00"},"牡丹客户服务分中心报送的国网山东菏泽供电公司牡丹区10KV张堂线齐岗支线等3条支线维修工非资产物资报废","可回收材质为铝"]
[95,"废旧导线","LGJ-35","维修替换材料报废","吨 ",1.3,{"v":7150,"d":"7,150.00"},"牡丹客户服务分中心报送的国网山东菏泽供电公司牡丹区高庄徐庄等8个台区0.4KV线路维修工 非资产物资报废","可回收材质为铝"]
[96,"废旧导线","LGJ-35","维修替换材料报废","吨 ",1.6,{"v":8800,"d":"8,800.00"},"牡丹客户服务分中心报送的国网山东菏泽供电公司牡丹区黄集安南等8个台区0.4KV线路维修工 非资产物资报废","可回收材质为铝"]
[97,"废旧导线","LGJ-35","维修替换材料报废","吨 ",0.5,{"v":2750,"d":"2,750.00"},"牡丹客户服务分中心报送的国网山东菏泽供电公司牡丹区10KV桥口线牛楼东支线等6条支线维修 非资产物资报废","可回收材质为铝"]
[98,"开关配件 ","/","维修更换","个 ",56,{"$f":"(150*0.4*0.942+150*0.6*20.44)*56","v":{"v":106182.72,"d":"106,182.72"}},"牡丹客户服务分中心报送的非资产物资报废"]
[99,"变压器外壳 ","/","维修更换","个 ",2,{"$f":"150*0.23*1.32*2","v":91.08},"牡丹客户服务分中心报送的非资产物资报废"]
[100,"横担","/","维修更换","根 ",15,{"$f":"F104*1","v":{"v":15,"d":"15.00"}},"牡丹客户服务分中心报送的非资产物资报废","可回收重量约15公斤"]
[101,"变压器铁芯 ","/","维修更换","个 ",1,{"$f":"150*0.52*1.32*1","v":102.96},"牡丹客户服务分中心报送的非资产物资报废"]
[102,"柜体","/","维修更换","千克",1200,{"$f":"F106*1","v":{"v":1200,"d":"1,200.00"}},"牡丹客户服务分中心报送的非资产物资报废"]
[103,"电压互感器 ","/","维修更换","台 ",7,{"$f":"30*0.6*20.44*7","v":{"v":2575.44,"d":"2,575.44"}},"牡丹客户服务分中心报送的非资产物资报废"]
[104,"变压器绕组 ","/","维修更换","个 ",1,{"$f":"150*0.25*27.04*1","v":{"v":1014,"d":"1,014.00"}},"牡丹客户服务分中心报送的非资产物资报废"]
["合计",{"$nulls":4},{"$f":"SUM(F5:F108)","v":34033.13},{"$f":"SUM(G5:G108)","v":{"v":396137.1,"d":"396,137.10"}}]
[]
["被评估单位填表人：郝慧                                          ",null,null,"评估机构：山东汉光资产评估有限公司",{"$nulls":3},"评估人员：付翠丽      谢红梅"]
[]
["填表日期： 2020年4月13日"]